Ultimate German Vocabulary Quiz Part 3 - Statistics

General Stats
  • This quiz has been taken 103 times
    15 since last reset
  • The average score is 4 of 10
Answer Stats
German English % Correct
Die Schlacht Battle
100%
Plump Clumsy
100%
Die Infiltration/Versickerung Infiltration
100%
Der Verstand Mind
100%
Geheim Secret
100%
Betrügen To betray
100%
Abstürzen To crash
100%
Verabreden To make plans
100%
Aufgebracht Upset
100%
Die Silbe Syllable
50%
Das Abkommen Agreement (as in treaty)
0%
Ein Mittel zum Zweck A means to an end
0%
Der Ansatz/Die Annäherung Approach
0%
Das Wettrüsten Arms race
0%
Als wenn/Als ob As if
0%
Damalig At the time
0%
Damals Back then
0%
Rückwärts Backward
0%
Selig Blessed (religionwise)
0%
Die Durchblutung Blood circulation
0%
Herrschsüchtig Bossy/Domineering
0%
Brodelnd Bubbling
0%
Unbeschwert Carefree
0%
Die Sorglosigkeit Carelessness
0%
Die Höhle Cave
0%
Plump Clumsy
0%
Die Gemeinschaft Community
0%
Die Erhaltung Conservation
0%
Erheblich Considerable
0%
Widersprüchlich/Gegensätzlich Contradictory
0%
Kontrollierbar Controllable
0%
Die Leiche Corpse
0%
Der Absturz Crash
0%
Die Entscheidungsfindung Decision making
0%
Der Sehnsucht Desire
0%
Verabscheut Detested
0%
Unmittelbar Direct/immediate
0%
Entstellt Disfigured
0%
Die Auseinandersetzung Dispute
0%
Ausgeprägt Distinct/Pronounced
0%
Der Untergang/Niedergang Downfall
0%
Fällig Due to/due date
0%
Der Staub Dust
0%
Der Eifer Eagerness
0%
Die Beseitigung Elimination
0%
Die Verdampfung/Verdunstung Evaporation
0%
Jemals Ever
0%
Außergewöhnlich Exceptional
0%
Das Dasein Existence
0%
Der Rummelplatz Fairground
0%
In etwas münden Flow into something
0%
Schwankend Fluctuating
0%
Der Denkanstoß Food for thought
0%
Vorwärts Forward
0%
Gebrechlich Frail
0%
Die Richtlinie Guideline
0%
Leitlinien (pl) Guidelines
0%
Greulich Hideous
0%
Hohl Hollow
0%
Ehrenvoll Honorable
0%
Geehrt Honored
0%
Der Haushalt Household/Budget
0%
Der Buckel Hunchback
0%
Bucklig Hunchbacked
0%
Unermesslich Immeasurable
0%
Unsterblich Immortal
0%
Verhängt/Auferlegt Imposed
0%
Der Vorfall Incident
0%
Unentschuldbar Inexcusable
0%
Die Ausgangslage Initial position
0%
Insassen Inmates
0%
Unempfindlich/gefühllos Insensitive
0%
Die Erkenntnis Insight
0%
Unzureichend Insufficient
0%
Unüberwindbar Insurmountable
0%
Die Intrige Intrigue
0%
Wiederum In turn
0%
Das Leck Leak
0%
Die Gesetzgebung Legislation
0%
Die Gesetzgebung Legislation
0%
Die Aufhebung Lifting
0%
Der Laib Brot Loaf of bread
0%
Aussehend Looking
0%
Darüber hinaus Moreover
0%
Spürbar Noticeable
0%
Zahlreich Numerous
0%
Besessen Obsessed
0%
Die Besessenheit (nach) Obsession (for)
0%
Meeresströmungen Ocean currents
0%
Einmalig One-time
0%
Das Erz Ore
0%
Der Gesamtzustand Overall condition
0%
Überkritisch Overly critical
0%
Der Umsturz Overthrow
0%
Bleich Pale
0%
Der Fallschirm Parachute
0%
Die Lähmung Paralysis
0%
Der Flugzeugabsturz Plane crash
0%
Die Voraussetzung Prerequisite
0%
Das Vorhandensein Presence
0%
Die Beute Prey
0%
Voraussichtlich Probably/Expected/Estimated
0%
Der Wohlstand Prosperity
0%
Sofern Provided that
0%
Vorläufig Provisional
0%
Der Ausschlag Rash
0%
Der Empfänger Recepient
0%
Die Erlösung Redemption
0%
Verordnungen/Regelungen (pl) Regulations
0%
Verwandte Relatives
0%
Renommiert Renowned
0%
Starr Rigid
0%
Die Möwe Seagull
0%
Abgeschottet Sealed-off
0%
Die Geborgenheit Security/Comfort/Safety
0%
Die Ergreifung Seizure
0%
Die Gewaltenteilung Separation of powers
0%
Der Rückschritt Setback
0%
Die Nähmaschine Sewing machine
0%
Zerschmettert Shattered
0%
Schmächtig Slender
0%
Der Schnipsel Snippet
0%
Gesellig Sociable
0%
Souverän Sovereign
0%
Der Stapel Stack
0%
Stetig Steady
0%
Schrittweise Step by step
0%
Erheblich Substantial
0%
Die Vormachtstellung/Vorherrschaft Supremacy
0%
Der Verdacht Suspicion
0%
Das Zelt Tent
0%
Als je zuvor Than ever
0%
Das liegt daran, dass This is because
0%
Der Denkprozess Thought Process
0%
Freisprechen To acquit
0%
Einhalten To adhere/comply
0%
Verabreichen To administer (medicine)
0%
Hinaus sein To be beyond
0%
Geprägt sein (durch) To be characterized/shaped (by)
0%
Vereinsamen To become lonely
0%
Entscheidend sein To be crucial/decisive
0%
Gefeit sein To be immune
0%
Gestattet sein To be permitted
0%
Verzweigen To branch out
0%
Aufhellen To brighten
0%
Herbeiführen To bring about
0%
Platzen To burst
0%
Beisetzen/untergraben To bury
0%
(akk.) etwas lassen To cause
0%
Beauftragen To commission
0%
Antreten To compete (not in a competition)
0%
Vervollständigen To complete
0%
Darin bestehen To consist of
0%
Vermitteln To convey/mediate
0%
Schmücken To decorate
0%
Ableiten To derive
0%
Verabscheuen To detest
0%
Abtun To dismiss
0%
Zerstreuen To disperse
0%
Verteilen To distribute
0%
Schleppen To drag
0%
Vorbeifahren To drive past
0%
Verdienen To earn (money)/deserve
0%
Abhören To eavesdrop
0%
Entlarven (jemanden) To expose
0%
Ausbleiben To fail to materialize
0%
Voraussehen/Vorhersehen To foresee
0%
Zugang erhalten/erlangen To gain access
0%
Kichern To giggle
0%
Hinausgehen To go beyond
0%
Vorliebe haben (für) To have a preference (for)
0%
Ehren To honor
0%
Einschüchtern To intimidate
0%
Sich verrechnen To miscalculate
0%
Sich vermehren To multiply (not with numbers)
0%
Verhandeln To negotiate
0%
Außer Kraft setzen To override
0%
Überfordern To overwhelm
0%
Lähmen To paralyze
0%
Zugrunde gehen To perish
0%
Überreden To persuade
0%
Hinweisen (auf) To point out (at)
0%
Schildern To portray
0%
Bewahren To preserve/maintain
0%
Wohlstehen To prosper
0%
Großziehen To raise
0%
Verfeinern To refine
0%
Verzichten To renounce
0%
Versiegeln To seal
0%
Auswählen To select
0%
Nähen To sew
0%
Zittern To shiver
0%
Schrumpfen To shrink
0%
Schleudern To spin
0%
Einen Antrag stellen (auf) To submit an application (to)
0%
Genügen To suffice
0%
Unterdrücken To suppress
0%
Eine Richtung einschlagen To take a direction
0%
Aus dem Kontext reißen To take out of context
0%
Sich (Dat.) gönnen To treat oneself
0%
Sich erweisen (als) To turn out (as)
0%
Unterziehen To undergo
0%
Zugrunde liegen To underlie
0%
Entsiegeln To unseal
0%
Drängen To urge
0%
Die Wahrhaftigkeit Truthfulness
0%
Die Umschwung Turnaround
0%
Unterirdisch Underground
0%
Unvermindert Undiminished
0%
Unangefochten Undisputed
0%
Unaufhaltsam Unstoppable
0%
Die Erziehung Upbringing
0%
Anstehend Upcoming
0%
Der Aufschwung Upswing/upturn
0%
Das Gewölbe Vault
0%
Das Gefäß Vessel
0%
Das Wohlbefinden Well-being
0%
Wohlmeinend Well-meaning
0%
Zurückgezogen Withdrawn
0%
Würdig Worthy
0%
No matching quizzes found
Score Distribution
Percent of People with Each Score
Percentile by Number Answered
Your Score History
You have not taken this quiz since the last reset